000 00949nam a2200289 i 4500
003 EG-GICUC
005 20260124125731.0
008 260124s1950 ua ||||fr ||| 00| 0 fre d
040 _aEG-GICUC
_cEG-GICUC
_dEG-GICUC
_erda
_bfre
041 0 _afre
082 0 4 _221
_a341.851
_bMO . O
092 0 4 _221
099 _aLaw1 12 341.851 MO . O 1950
100 1 _aMosallem,Ahmed
_eAuteur
245 _aL’Ordre Public Devant Le Juge Egyptien :
_b(Étude Comparative de Droit International Privé) /
_cAhmed Mosallem .
264 0 _aLe Caire :
_bUniversite Fouad 1ed ,
_c1950 .
300 _a202 Pages ;
_c30 cm.
336 _atext
_2rda content
337 _aComputer
_2rda media
338 _aOnline Resource
_2rda carrier
546 _aTexte en français
650 0 4 _aDroit international privé
650 0 4 _aArbitrage international
856 _uhttps://fll.law.cu.edu.eg/fulltext/th/B12-02081.pdf
905 _a59
942 _2ddc
_cBK
_e21
_n0
999 _c58860
_d58860